Statistics for Dragon Ball: Wishes

Click here to take the quiz!

General Stats

  • This quiz has been taken 98 times
    (76 since last reset)
  • The average score is 26 of 38

Answer Stats

Series Wish Wisher Dragon % Correct
Dragon Ball GTResurrection of all the good people killed after the doorway to Hell openedGokuShenron
93%
Dragon Ball SuperKnowledge of how to summon Super Saiyan GodGokuShenron
93%
Dragon BallResurrection of BoraGokuShenron
93%
Dragon Ball ZResurrection of ChiaotzuDendePorunga
86%
Dragon Ball SuperCuring Pan's feverGohanShenron
86%
Dragon Ball ZResurrection of all the good people of Earth killed on the day of the World TournamentDendePorunga
86%
Dragon Ball ZRestoration of planet EarthDendePorunga
86%
Dragon Ball ZResurrection of all the good people killed on the day of the World TournamentBulmaShenron
86%
Dragon Ball ZRemoval of explosives from the bodies of Androids 17 and 18KrillinShenron
86%
Dragon Ball ZTransportation of all the Namekians to the New NamekDendePorunga
86%
Dragon Ball ZRestoration of Goku's strengthDendePorunga
86%
Dragon Ball ZResurrection of TienDendePorunga
86%
Dragon Ball ZResurrection of PiccoloDendePorunga
86%
Dragon Ball ZResurrection of KrillinDendePorunga
86%
Dragon Ball ZTransportation of Goku and Krillin's souls to Earth's check-in stationDendePorunga
86%
Dragon Ball ZTransportation of everyone on Namek to EarthDendePorunga
86%
Dragon Ball ZResurrection of YamchaDendePorunga
86%
Dragon Ball ZPiccolo's transportation to planet NamekDendePorunga
86%
Dragon BallRestoration of his youthKing PiccoloShenron
85%
Dragon BallWomen's pantiesOolongShenron
81%
Dragon Ball ZResurrection of GokuMaster RoshiShenron
78%
Dragon Ball ZResurrection of people killed by Cell and the androidsYamchaShenron
71%
Dragon Ball SuperRestoration of youthPilafShenron
66%
Dragon Ball GTReverting Goku back to a childPilafUltimate Shenron
66%
Dragon Ball SuperShenron scrammingBeerusShenron
66%
Dragon Ball SuperImmortalityZamasuSuper Shenron
58%
Dragon Ball SuperDestruction of Super Dragon BallsZamasuSuper Shenron
58%
Dragon Ball SuperBody swap between Goku and himselfZamasuSuper Shenron
58%
Dragon Ball SuperRestoration of Universe 6's planet Earth and its inhabitantsWhisSuper Shenron
49%
Dragon Ball ZResurrection of all those killed by Frieza and his men on planet NamekMr. PopoShenron
44%
Dragon Ball GTRecreation of planet TuffleBabyUltimate Shenron
41%
Dragon Ball SuperIce creamMaiShenron
39%
Dragon Ball SuperRestoration of erased universesGrand PriestSuper Shenron
34%
Dragon Ball SuperOne million ZeniShuShenron
32%
Dragon Ball SuperResurrection of FriezaSorbetShenron
31%
Dragon Ball GTRestoration of EarthMooriPorunga
15%
Dragon Ball SuperHealing himselfCranberryPorunga
5%
Dragon Ball SuperFull restoration of Moro's magicCranberryPorunga
5%

Score Distribution

Percentile by Number Answered

Percent of People with Each Score

Your Score History

You have not taken this quiz since the last reset